[Event "SLO-chT (Women)"]
[Site "Kozje"]
[Date "2008.11.27"]
[Round "1"]
[White "Hari, Veronika"]
[Black "Hocevar, Maja"]
[Result "1/2-1/2"]
[WhiteElo "2003"]
[BlackElo "1999"]
[PlyCount "27"]
[EventDate "2008.11.27"]
[EventType "team-tourn"]
[EventRounds "9"]
[EventCountry "SLO"]
[SourceTitle "CBM 127 Extra"]
[Source "ChessBase"]
[SourceDate "2009.01.08"]
[SourceVersion "2"]
[SourceVersionDate "2009.01.28"]
[SourceQuality "1"]

1. e4 c5 2. Nf3 d6 3. d4 cxd4 4. Nxd4 Nf6 5. Nc3 a6 6. Be2 e6 7. 0-0 Be7 8. f4 Qc7 9. f5 e5 10. Nb3 b5 11. Nd5 Nxd5 12. Qxd5 Bb7 13. Qd3 Nd7 14. Be3 1/2-1/2

[Event "SLO-chT (Women)"]
[Site "Skofja Loka"]
[Date "2002.11.29"]
[Round "1"]
[White "Nadvesnik, Vilma"]
[Black "Hari, Veronika"]
[Result "0-1"]
[WhiteElo "1862"]
[BlackElo "2043"]
[PlyCount "72"]
[EventDate "2002.11.29"]
[EventType "team"]
[EventRounds "7"]
[EventCountry "SLO"]
[SourceTitle "EXT 2005"]
[Source "ChessBase"]
[SourceDate "2004.11.15"]
[SourceVersion "1"]
[SourceVersionDate "2004.11.15"]
[SourceQuality "1"]

1. e4 e6 2. d4 d5 3. e5 c5 4. c3 Qb6 5. Nf3 Bd7 6. c4 dxc4 7. Bxc4 Qb4+ 8. Nbd2 cxd4 9. Nxd4 Ne7 10. 0-0 Ng6 11. Qe2 Bc5 12. Nb5 Bxb5 13. Bxb5+ Ke7 14. Nb3 Rc8 15. Bg5+ Kf8 16. Rac1 a6 17. Bd3 Nd7 18. Rc4 Qb6 19. Bxg6 hxg6 20. Rh4 Kg8 21. Rd1 Nxe5 22. Rh3 f6 23. Be3 Bxe3 24. Rxe3 Rd8 25. Re1 Rac8 26. Kh1 Qb4 27. h3 g5 28. Re4 Qb6 29. Rf1 Rc6 30. f4 gxf4 31. Rfxf4 Rcd6 32. Rf1 Rd5 33. Qc2 Qb5 34. Rc1 Qd3 35. Qxd3 Nxd3 36. Rc7 Nf2+ 0-1

[Event "Olympiad Women-35"]
[Site "Bled"]
[Date "2002.10.31"]
[Round "6.3"]
[White "Hari, Veronika"]
[Black "Sabirova, Olga"]
[Result "0-1"]
[WhiteElo "2043"]
[BlackElo "2211"]
[PlyCount "64"]
[EventDate "2002.10.26"]
[EventType "team-swiss"]
[EventRounds "14"]
[EventCountry "SLO"]
[SourceTitle "EXT 2003"]
[Source "ChessBase"]
[SourceDate "2002.11.25"]
[SourceVersion "1"]
[SourceVersionDate "2002.11.25"]
[SourceQuality "1"]
[WhiteTeam "Slovenia (W) II"]
[BlackTeam "Uzbekistan (W)"]
[WhiteTeamCountry "SLO"]
[BlackTeamCountry "UZB"]

1. e4 e5 2. Nf3 Nc6 3. d4 exd4 4. Nxd4 Nf6 5. Nc3 Bb4 6. Nxc6 bxc6 7. Bd3 d5 8. exd5 cxd5 9. 0-0 0-0 10. Bg5 c6 11. Ne2 h6 12. Bh4 c5 13. c3 Ba5 14. Qa4 Bd7 15. Qa3 Bb6 16. b4 c4 17. Bc2 Re8 18. Rfe1 g5 19. Bg3 Ne4 20. Rad1 Nxg3 21. Nxg3 Rxe1+ 22. Rxe1 Qf6 23. Rf1 Re8 24. Nh5 Qe5 25. Qc1 Bg4 26. Ng3 f5 27. h3 Bxh3 28. Kh2 Bg4 29. f4 gxf4 30. Qxf4 Qxf4 31. Rxf4 Bc7 32. Rf2 Re3 0-1

[Event "Ljubljana op 13th"]
[Site "Ljubljana"]
[Date "2002.06.22"]
[Round "1"]
[White "Sax, Gyula"]
[Black "Hari, Veronika"]
[Result "1-0"]
[WhiteElo "2566"]
[BlackElo "2051"]
[PlyCount "49"]
[EventDate "2002.06.22"]
[EventType "swiss"]
[EventRounds "9"]
[EventCountry "SLO"]
[SourceTitle "CBM 088 Extra"]
[Source "ChessBase"]
[SourceDate "2002.07.01"]
[SourceVersion "2"]
[SourceVersionDate "2002.07.01"]
[SourceQuality "1"]

1. e4 e6 2. d4 d5 3. Nc3 Bb4 4. e5 Ne7 5. a3 Bxc3+ 6. bxc3 b6 7. Qg4 Ng6 8. h4 h5 9. Qg3 Ba6 10. Ne2 Kf8 11. a4 Ne7 12. Qg5 Nbc6 13. Nf4 Bxf1 14. Nxh5 Rxh5 15. Qxh5 Bc4 16. Qh8+ Ng8 17. h5 Nce7 18. Rh3 c5 19. Rg3 Nf5 20. h6 Ke7 21. Bg5+ f6 22. Bxf6+ Nxf6 23. Rxg7+ Nxg7 24. Qxg7+ Ke8 25. exf6 1-0

[Event "EU-chT U18 Girls 3th"]
[Site "Balatonlelle"]
[Date "2002.06.19"]
[Round "7"]
[White "Hari, Veronika"]
[Black "L'Ami, Alina"]
[Result "0-1"]
[WhiteElo "2051"]
[BlackElo "2222"]
[PlyCount "134"]
[EventDate "2002.06.13"]
[EventType "team-swiss"]
[EventRounds "7"]
[EventCountry "HUN"]
[SourceTitle "EXT 2020"]
[Source "ChessBase"]
[SourceDate "2019.10.17"]
[SourceVersion "1"]
[SourceVersionDate "2019.10.17"]
[SourceQuality "1"]
[WhiteTeam "Slovenia U18 (W) II"]
[BlackTeam "Romania U18 (W)"]
[WhiteTeamCountry "SVK"]
[BlackTeamCountry "ROU"]

1. e4 c5 2. Nf3 d6 3. d4 cxd4 4. Nxd4 Nf6 5. Nc3 a6 6. Bc4 e6 7. Bb3 Nc6 8. 0-0 Be7 9. Be3 0-0 10. f4 Nxd4 11. Bxd4 b5 12. e5 dxe5 13. fxe5 Nd7 14. Ne4 Bb7 15. Qg4 Bxe4 16. Qxe4 Nc5 17. Qe3 Bg5 18. Qc3 Nxb3 19. axb3 Qd5 20. Rad1 Rac8 21. Qg3 Be7 22. Be3 Qe4 23. c3 Bc5 24. Bd4 Qc2 25. Qf2 Qxf2+ 26. Kxf2 Bxd4+ 27. Rxd4 Rc5 28. Re1 Rfc8 29. Kf3 Kf8 30. Ke4 f6 31. exf6 gxf6 32. Kd3 Ke7 33. Rg4 Rd8+ 34. Rd4 Rxd4+ 35. cxd4 Rg5 36. g3 Rh5 37. h4 Rd5 38. Ke4 f5+ 39. Kd3 Kf6 40. Ra1 Rd6 41. Re1 Kg6 42. Ke3 Kh5 43. Rf1 Kg4 44. Rg1 Rc6 45. Kd3 Kf3 46. h5 h6 47. Rf1+ Kxg3 48. Ke3 Rc2 49. d5 exd5 50. Rxf5 Rxb2 51. Rf6 Rxb3+ 52. Kd4 a5 53. Rxh6 a4 54. Kxd5 Kf4 55. Ra6 Rh3 56. h6 Ke3 57. Kc5 Rh5+ 58. Kb4 Kd3 59. h7 Kc2 60. h8Q Rxh8 61. Kxb5 Kb3 62. Kc5 a3 63. Rb6+ Kc2 64. Rg6 Rh2 65. Ra6 Kb2 66. Rb6+ Kc1 67. Ra6 a2 0-1

[Event "EU-chT U18 Girls 3th"]
[Site "Balatonlelle"]
[Date "2002.06.17"]
[Round "5"]
[White "Hari, Veronika"]
[Black "Ushenina, Anna"]
[Result "0-1"]
[WhiteElo "2051"]
[BlackElo "2292"]
[PlyCount "40"]
[EventDate "2002.06.13"]
[EventType "team-swiss"]
[EventRounds "7"]
[EventCountry "HUN"]
[SourceTitle "EXT 2020"]
[Source "ChessBase"]
[SourceDate "2019.10.17"]
[SourceVersion "1"]
[SourceVersionDate "2019.10.17"]
[SourceQuality "1"]
[WhiteTeam "Slovenia U18 (W) II"]
[BlackTeam "Ukraine U18 (W)"]
[WhiteTeamCountry "SVK"]
[BlackTeamCountry "UKR"]

1. e4 c6 2. d4 d5 3. e5 Bf5 4. g4 Bd7 5. Nc3 e6 6. Nf3 c5 7. Bg5 Qb6 8. Qd2 c4 9. Nd1 h5 10. Bh3 f6 11. Bf4 hxg4 12. Bxg4 f5 13. Bxf5 exf5 14. c3 Nc6 15. Ng5 Nd8 16. Ne3 Ne7 17. 0-0-0 Ne6 18. Nxe6 Bxe6 19. Rdg1 0-0-0 20. Rg5 g6 0-1

[Event "EU-chT U18 Girls 3th"]
[Site "Balatonlelle"]
[Date "2002.06.15"]
[Round "3"]
[White "Helm, Leonie"]
[Black "Hari, Veronika"]
[Result "0-1"]
[WhiteElo "2194"]
[BlackElo "2051"]
[PlyCount "86"]
[EventDate "2002.06.13"]
[EventType "team-swiss"]
[EventRounds "7"]
[EventCountry "HUN"]
[SourceTitle "EXT 2020"]
[Source "ChessBase"]
[SourceDate "2019.10.17"]
[SourceVersion "1"]
[SourceVersionDate "2019.10.17"]
[SourceQuality "1"]
[WhiteTeam "Germany U18 (W)"]
[BlackTeam "Slovenia U18 (W) II"]
[WhiteTeamCountry "GER"]
[BlackTeamCountry "SVK"]

1. e4 e6 2. d4 d5 3. Nc3 Bb4 4. e5 Ne7 5. a3 Bxc3+ 6. bxc3 b6 7. Qg4 Ng6 8. h4 h5 9. Qh3 Ba6 10. Nf3 Bxf1 11. Kxf1 Qd7 12. a4 c5 13. g4 Nc6 14. Bg5 Rc8 15. gxh5 Nge7 16. h6 gxh6 17. Bf6 Rg8 18. Rg1 Rxg1+ 19. Kxg1 Ng8 20. Qg4 Nxf6 21. exf6 Kd8 22. Ne5 Nxe5 23. dxe5 Kc7 24. h5 Rh8 25. Kh2 Qe8 26. Rg1 a5 27. Qg7 b5 28. axb5 a4 29. Ra1 Rg8 30. Qxh6 Rg4 31. f3 Rc4 32. Ra3 Kb6 33. Kg3 Qb8 34. Qg5 d4 35. cxd4 Rxd4 36. h6 Rd5 37. f4 Rd1 38. Kh4 Rh1+ 39. Rh3 Qa8 40. Qg3 a3 41. h7 a2 42. Rxh1 Qxh1+ 43. Kg5 a1Q 0-1

[Event "EU-chT U18 Girls 3th"]
[Site "Balatonlelle"]
[Date "2002.06.14"]
[Round "2"]
[White "Hari, Veronika"]
[Black "Yildiz Kadioglu, Betul Cemre"]
[Result "0-1"]
[WhiteElo "2051"]
[BlackElo "2061"]
[PlyCount "62"]
[EventDate "2002.06.13"]
[EventType "team-swiss"]
[EventRounds "7"]
[EventCountry "HUN"]
[SourceTitle "EXT 2020"]
[Source "ChessBase"]
[SourceDate "2019.10.17"]
[SourceVersion "1"]
[SourceVersionDate "2019.10.17"]
[SourceQuality "1"]
[WhiteTeam "Slovenia U18 (W) II"]
[BlackTeam "Turkey U18 (W) II"]
[WhiteTeamCountry "SVK"]
[BlackTeamCountry "TUN"]

1. e4 d5 2. exd5 Qxd5 3. Nc3 Qa5 4. d4 Nf6 5. Bd3 Bg4 6. Nge2 c6 7. Bd2 Nbd7 8. f3 Bh5 9. Nf4 Bg6 10. Ne4 Qb6 11. Bc3 e6 12. Qd2 c5 13. dxc5 Nxc5 14. Nxf6+ gxf6 15. Nxg6 hxg6 16. Bxf6 Rh5 17. Bc4 Nd7 18. Bd4 Qc7 19. Qe2 Rxh2 20. 0-0-0 Rxh1 21. Rxh1 0-0-0 22. Bxa7 b5 23. Bxb5 Qxa7 24. Bc6 Nb8 25. Bb5 Nd7 26. Ba6+ Kb8 27. Rd1 Qb6 28. Qc4 Bd6 29. Bb5 Qc7 30. Bc6 Nb6 31. Qb5 Bf4+ 0-1

[Event "Nova Gorica op 07th"]
[Site "Nova Gorica"]
[Date "2002.02.03"]
[Round "4"]
[White "Hari, Veronika"]
[Black "Skok, Joze"]
[Result "1/2-1/2"]
[WhiteElo "2040"]
[BlackElo "2112"]
[PlyCount "49"]
[EventDate "2002.01.12"]
[EventType "swiss"]
[EventRounds "9"]
[EventCountry "SLO"]
[SourceTitle "CBM 086 Extra"]
[Source "ChessBase"]
[SourceDate "2002.03.14"]
[SourceVersion "1"]
[SourceVersionDate "2002.03.14"]
[SourceQuality "1"]

1. e4 c6 2. d4 d5 3. e5 Bf5 4. Nc3 e6 5. g4 Bg6 6. Nge2 c5 7. Be3 Nc6 8. dxc5 Nxe5 9. Nd4 Rc8 10. b4 Nc6 11. Nxc6 bxc6 12. Ba6 Rb8 13. Qd4 Be7 14. g5 Bxg5 15. Bxg5 Qxg5 16. Qxg7 Qf6 17. Qxf6 Nxf6 18. b5 Kd7 19. 0-0-0 Ne4 20. Nxe4 Bxe4 21. Rhe1 Kc7 22. a4 Rhg8 23. Rg1 Rg6 24. Rg3 Rxg3 25. fxg3 1/2-1/2

[Event "SLO-chT (Women)"]
[Site "Bled"]
[Date "2001.11.23"]
[Round "3"]
[White "Hari, Veronika"]
[Black "Riznar, Helena"]
[Result "1/2-1/2"]
[WhiteElo "2058"]
[BlackElo "2015"]
[PlyCount "98"]
[EventDate "2001.11.18"]
[EventType "team"]
[EventRounds "5"]
[EventCountry "SLO"]
[SourceTitle "EXT 2003"]
[Source "ChessBase"]
[SourceDate "2002.11.25"]
[SourceVersion "1"]
[SourceVersionDate "2002.11.25"]
[SourceQuality "1"]

1. e4 c5 2. Nf3 Nc6 3. d4 cxd4 4. Nxd4 e6 5. c4 Qc7 6. Nc3 a6 7. Be3 Nf6 8. Rc1 Bb4 9. Bd3 Ne5 10. 0-0 Nxd3 11. Qxd3 0-0 12. f4 d6 13. h3 b6 14. Bd2 Bc5 15. Kh1 Bb7 16. Nc2 b5 17. cxb5 axb5 18. b4 Bb6 19. Nd4 Qc4 20. Qxc4 bxc4 21. Ndb5 Nxe4 22. Nxe4 Bxe4 23. Nxd6 Bd3 24. Rfe1 Rfd8 25. Nb7 Rdb8 26. Na5 Bxa5 27. bxa5 Rb2 28. Bc3 Rxa2 29. Ra1 Rf2 30. Be5 Ra6 31. Kg1 Rc2 32. Reb1 f6 33. Bd4 Be4 34. Rb2 Kf7 35. Rxc2 Bxc2 36. Kf2 Ke7 37. Ke3 Kd6 38. Bb6 e5 39. Rf1 e4 40. Kd4 Bd3 41. Ra1 Kc6 42. g4 Ra8 43. Rg1 Re8 44. Rg3 Re7 45. Kc3 Rd7 46. h4 Rd5 47. Rg2 h6 48. Rb2 Bf1 49. Rd2 Bd3 1/2-1/2

[Event "SLO-chT (Women)"]
[Site "Bled"]
[Date "2001.11.18"]
[Round "5"]
[White "Srebrnic, Ana"]
[Black "Hari, Veronika"]
[Result "1-0"]
[WhiteElo "2172"]
[BlackElo "2058"]
[PlyCount "89"]
[EventDate "2001.11.18"]
[EventType "team"]
[EventRounds "5"]
[EventCountry "SLO"]
[SourceTitle "EXT 2003"]
[Source "ChessBase"]
[SourceDate "2002.11.25"]
[SourceVersion "1"]
[SourceVersionDate "2002.11.25"]
[SourceQuality "1"]

1. Nf3 Nf6 2. c4 e6 3. Nc3 g6 4. d4 c5 5. e4 cxd4 6. Nxd4 d6 7. Be2 Nc6 8. 0-0 a6 9. Be3 Qc7 10. Qd2 e5 11. Nc2 Be6 12. f3 Bg7 13. Rfd1 Rd8 14. Na4 Qe7 15. Bb6 Rd7 16. b4 0-0 17. b5 axb5 18. cxb5 Nb8 19. Ba5 Ne8 20. Nb4 Qh4 21. g3 Qh3 22. Nb6 Bh6 23. Qd3 Rc7 24. N6d5 Rd7 25. Nb6 Rd8 26. N4d5 Nd7 27. Bf1 Qh5 28. g4 Bxg4 29. fxg4 Qxg4+ 30. Qg3 Qxe4 31. Bg2 Qc2 32. Qh4 Nef6 33. Nxd7 Nxd5 34. Qxh6 Rxd7 35. Bxd5 Qc5+ 36. Kh1 Qxb5 37. Bc3 Rc8 38. Rac1 Rc5 39. Bxe5 dxe5 40. Bxf7+ Kxf7 41. Rxd7+ Ke8 42. Rd8+ Kxd8 43. Qf8+ Kd7 44. Qxc5 Qe2 45. Qd5+ 1-0

[Event "SLO-chT (Women)"]
[Site "Bled"]
[Date "2001.11.17"]
[Round "1"]
[White "Orel, Simona"]
[Black "Hari, Veronika"]
[Result "1/2-1/2"]
[WhiteElo "1892"]
[BlackElo "2058"]
[PlyCount "68"]
[EventDate "2001.11.18"]
[EventType "team"]
[EventRounds "5"]
[EventCountry "SLO"]
[SourceTitle "EXT 2003"]
[Source "ChessBase"]
[SourceDate "2002.11.25"]
[SourceVersion "1"]
[SourceVersionDate "2002.11.25"]
[SourceQuality "1"]

1. d4 Nf6 2. c4 g6 3. Nc3 Bg7 4. e4 d6 5. Nf3 0-0 6. Be2 e5 7. d5 a5 8. 0-0 Na6 9. Be3 Ng4 10. Bg5 f6 11. Bc1 f5 12. Bg5 Nf6 13. Qc1 f4 14. Nd2 h6 15. Bxf6 Qxf6 16. f3 g5 17. Kf2 Nc5 18. Nb3 g4 19. Nxc5 dxc5 20. Rh1 h5 21. Nb5 c6 22. Nc3 Bh6 23. Qg1 Rf7 24. Ke1 Bf8 25. Na4 cxd5 26. cxd5 Rc7 27. Bc4 Kh8 28. Qf2 Bd7 29. Nc3 Bd6 30. Bb5 gxf3 31. gxf3 Bh3 32. Bf1 Bd7 33. Bb5 Bh3 34. Bf1 Bd7 1/2-1/2

[Event "Wch U16 Girls"]
[Site "Oropesa del Mar"]
[Date "2001.11.01"]
[Round "10"]
[White "Hari, Veronika"]
[Black "Naiditsch, Evgenija"]
[Result "0-1"]
[WhiteElo "2070"]
[BlackElo "2141"]
[PlyCount "50"]
[EventDate "2001.10.21"]
[EventType "swiss"]
[EventRounds "11"]
[EventCountry "ESP"]
[SourceTitle "EXT 2002"]
[Source "ChessBase"]
[SourceDate "2001.11.25"]
[SourceVersion "1"]
[SourceVersionDate "2001.11.25"]
[SourceQuality "1"]

1. e4 c5 2. Nf3 d6 3. d4 cxd4 4. Nxd4 Nf6 5. Nc3 a6 6. Bc4 e6 7. Bb3 b5 8. 0-0 Be7 9. f3 Bb7 10. Be3 Nc6 11. Nxc6 Bxc6 12. Qe1 0-0 13. Rd1 Qc7 14. Qg3 Kh8 15. Rd2 Rac8 16. Bd4 b4 17. Na4 Bb5 18. Rfd1 Qc6 19. Nb6 Rb8 20. Qf2 Bd8 21. Bxf6 gxf6 22. Rxd6 Bxb6 23. R6d4 e5 24. Bd5 Bxd4 25. Rxd4 Qb6 0-1

[Event "EU-ch U16 Girls"]
[Site "Chalkidiki"]
[Date "2001.09.08"]
[Round "8"]
[White "Hari, Veronika"]
[Black "Hidegh, Eszter"]
[Result "1/2-1/2"]
[WhiteElo "2070"]
[BlackElo "2079"]
[PlyCount "108"]
[EventDate "2001.08.31"]
[EventType "swiss"]
[EventRounds "9"]
[EventCountry "GRE"]
[SourceTitle "EXT 2002"]
[Source "ChessBase"]
[SourceDate "2001.11.25"]
[SourceVersion "1"]
[SourceVersionDate "2001.11.25"]
[SourceQuality "1"]

1. e4 c5 2. Nf3 Nc6 3. Nc3 Nf6 4. Bb5 Nd4 5. e5 Nxb5 6. Nxb5 Nd5 7. Ng5 e6 8. Ne4 f6 9. exf6 Nxf6 10. Nxf6+ Qxf6 11. Nc7+ Kd8 12. Nxa8 b5 13. Qe2 c4 14. Qe3 Bb7 15. Qg3 d6 16. a4 b4 17. d3 Be7 18. dxc4 Bxa8 19. c5 Qd4 20. Be3 Qxb2 21. 0-0 Qe5 22. cxd6 Bxd6 23. Rfd1 Qxg3 24. hxg3 Kc7 25. Bxa7 Bd5 26. Be3 Kb7 27. Bd4 Rc8 28. Rd2 g6 29. a5 Ka6 30. f4 h5 31. Kf2 Rc4 32. Ke3 Bc7 33. Bf6 Bd6 34. Kd3 Rc6 35. Bd4 Bc7 36. Bf6 Bd6 37. Rf2 Bc4+ 38. Ke3 Bc5+ 39. Bd4 Be7 40. Rd2 Bd5 41. g4 hxg4 42. g3 Bd8 43. Rh2 Rc7 44. Rh8 Be7 45. Rb8 Bb7 46. Rg8 Rxc2 47. Rxg6 Bd5 48. f5 Rg2 49. Be5 Bc5+ 50. Kf4 Rf2+ 51. Kxg4 Rxf5 52. Bf4 b3 53. Rb1 Kxa5 54. Rg8 Bd4 1/2-1/2

[Event "Faakersee op 17th"]
[Site "Latschach"]
[Date "2001.08.17"]
[Round "8"]
[White "Farago, Ivan"]
[Black "Hari, Veronika"]
[Result "1-0"]
[WhiteElo "2504"]
[BlackElo "2070"]
[PlyCount "75"]
[EventDate "2001.08.04"]
[EventType "swiss"]
[EventRounds "9"]
[EventCountry "AUT"]
[SourceTitle "EXT 2002"]
[Source "ChessBase"]
[SourceDate "2001.11.25"]
[SourceVersion "1"]
[SourceVersionDate "2001.11.25"]
[SourceQuality "1"]

1. d4 Nf6 2. c4 g6 3. Nc3 Bg7 4. e4 d6 5. Be2 0-0 6. Nf3 e5 7. 0-0 Nc6 8. d5 Ne7 9. b4 Nd7 10. c5 a5 11. cxd6 cxd6 12. Ba3 f5 13. bxa5 Nf6 14. Nd2 Rxa5 15. Bb4 Ra8 16. Nc4 Ne8 17. f3 g5 18. a4 Rf6 19. a5 f4 20. Nb6 Rb8 21. Nb5 h5 22. Rc1 Bd7 23. Qc2 Rg6 24. Nc7 g4 25. Nxd7 Rc8 26. Ne6 Rxc2 27. Nxd8 Rxe2 28. Rf2 gxf3 29. Rxe2 fxe2 30. Kf2 Bh6 31. Rc2 Rg7 32. Nxb7 Nxd5 33. exd5 Rxd7 34. a6 Nc7 35. a7 Na8 36. Rc8+ Kh7 37. Rxa8 Rxb7 38. Rh8+ 1-0

[Event "Wch U18 Girls"]
[Site "Oropesa del Mar"]
[Date "2000.10.22"]
[Round "10"]
[White "Zakurdjaeva, Irina"]
[Black "Hari, Veronika"]
[Result "1-0"]
[WhiteElo "2272"]
[BlackElo "2069"]
[PlyCount "82"]
[EventDate "2000.10.11"]
[EventType "swiss"]
[EventRounds "11"]
[EventCountry "ESP"]
[SourceTitle "EXT 2001"]
[Source "ChessBase"]
[SourceDate "2000.11.22"]
[SourceVersion "1"]
[SourceVersionDate "2000.11.22"]
[SourceQuality "1"]

1. e4 e6 2. d4 d5 3. Nc3 Bb4 4. Nge2 dxe4 5. a3 Be7 6. Nxe4 Nf6 7. N2c3 Bd7 8. Bd3 Bc6 9. 0-0 0-0 10. Nxf6+ Bxf6 11. Be3 Nd7 12. Ne4 Be7 13. c4 Nf6 14. Nc3 b6 15. b4 Qd7 16. Qb3 Rad8 17. Rad1 Qc8 18. Bb1 Rd7 19. Qc2 g6 20. f3 Rfd8 21. Qf2 Ne8 22. Be4 Ba8 23. c5 c6 24. Qe2 Bb7 25. a4 Ba6 26. b5 cxb5 27. c6 bxa4 28. cxd7 Rxd7 29. Bd3 Bxd3 30. Qxd3 a3 31. Rc1 Qb7 32. Rc2 a6 33. Nb1 e5 34. Nxa3 exd4 35. Bf4 b5 36. Rfc1 Qb6 37. Rc8 Rd8 38. R8c6 Qa5 39. Nc2 g5 40. Be5 b4 41. Bxd4 b3 1-0

[Event "Wch U18 Girls"]
[Site "Oropesa del Mar"]
[Date "2000.10.12"]
[Round "2"]
[White "Matras Clement, Agnieszka"]
[Black "Hari, Veronika"]
[Result "1/2-1/2"]
[WhiteElo "2232"]
[BlackElo "2069"]
[PlyCount "82"]
[EventDate "2000.10.11"]
[EventType "swiss"]
[EventRounds "11"]
[EventCountry "ESP"]
[SourceTitle "EXT 2001"]
[Source "ChessBase"]
[SourceDate "2000.11.22"]
[SourceVersion "1"]
[SourceVersionDate "2000.11.22"]
[SourceQuality "1"]

1. e4 e6 2. d4 d5 3. exd5 exd5 4. c4 Bb4+ 5. Nc3 Ne7 6. Nf3 0-0 7. Bd3 h6 8. 0-0 Bg4 9. h3 Bh5 10. g4 Bxc3 11. bxc3 Bg6 12. Ne5 Bxd3 13. Qxd3 Nbc6 14. Ba3 Re8 15. Rfe1 Nxe5 16. Rxe5 dxc4 17. Qxc4 Nc6 18. Rd5 Qc8 19. Rb1 Rb8 20. Rf5 Nd8 21. d5 Qd7 22. Qd4 b6 23. Kh1 Nb7 24. c4 c5 25. Qd3 Nd6 26. Rf4 Qe7 27. Bb2 Qg5 28. Qf3 Re7 29. Rg1 Rbe8 30. Bc1 Qg6 31. h4 Re4 32. h5 Rxf4 33. Bxf4 Qe4 34. Qxe4 Nxe4 35. Kg2 Nf6 36. Kf3 b5 37. Rc1 bxc4 38. d6 Nd5 39. Rxc4 Nxf4 40. Kxf4 Re6 41. Rxc5 Rxd6 1/2-1/2